Statistics for Any Country per Letter A-Z - 30 Seconds

Click here to take the quiz!

General Stats

  • This quiz has been taken 263 times
  • The average score is 16 of 24

Answer Stats

Answer% Correct
Australia
96%
Bahamas
93%
Cambodia
90%
France
84%
Italy
84%
Estonia
82%
Germany
82%
Denmark
81%
Japan
76%
Hungary
73%
Oman
71%
Kazakhstan
70%
New Zealand
69%
Laos
66%
Macedonia
66%
Poland
63%
Qatar
59%
Russia
51%
Serbia
48%
Taiwan
45%
United States
43%
Yemen
38%
Zambia
32%
Vanuatu
27%

Score Distribution

Percentile by Number Answered

Percent of People with Each Score

Your Score History

You have not taken this quiz